Vista normal
Vista MARC
Entrada Corporate Name
Número de registros utilizados en: 1
001 - CONTROL NUMBER
- control field: 10226
003 - CONTROL NUMBER IDENTIFIER
- control field: OSt
005 - DATE AND TIME OF LATEST TRANSACTION
- control field: 20200914145653.0
008 - FIXED-LENGTH DATA ELEMENTS
- fixed length control field: 200914|| aca||aabn | a|a d
040 ## - CATALOGING SOURCE
- Original cataloging agency: OSt
- Transcribing agency: OSt
110 ## - HEADING--CORPORATE NAME
- Corporate name or jurisdiction name as entry element: Colombia
- Subordinate unit: Presidencia de la República
- Subordinate unit: Dirección Nacional de Equidad para las Mujeres
670 ## - SOURCE DATA FOUND
- Source citation: Work cat.: (OSt)0: Colombia Presidencia de la República Dirección Nacional de Equidad para las Mujeres, 40 años del voto de la mujer en Colombia : , 1998.